000 01203nam a22003137a 4500
003 MX-MxUPN
005 20260414122606.0
008 230210s20202021mx |||fr |||f001 0 spa d
020 _a9786078829910
040 _aMX-MxUPN
_cMX-MxUPN
_bspa
041 0 _aspa
050 0 4 _aLA422
_bC667 2020
100 1 _aNaranjo Flores, Gabriela Begonia
_947821
100 1 _aJusto Garza, Susana
_928807
100 1 _aMiranda López, Francisco
_929334
245 1 0 _aConstruir el futuro de la educación en México :
_bhacia una agenda de política educativa nacional
250 _aPrimera edición
260 _aCiudad de México :
_bComisión Nacional para la Mejora Continua de la Educación,
_c2020.
300 _a23 páginas
500 _aAl pie de la portada: Gobierno de México. Mejoredu.
504 _aIncluye referencias bibliográficas
650 4 _aEducación y Estado
_zMéxico
_9476
650 4 _aEducación
_xPlanificación
_zMéxico
_913915
650 4 _aEducación y Estado
_zMéxico
_xHistoria
_918774
700 1 _929334
_aMiranda López, Francisco
_ecoordinador
902 _aGabrielCapula/100223
_bNoemiAcosta/170223
_bMaríaRobles/100125
942 _2lcc
_cLIBRO
_n0
999 _c209120
_d209120